United States Presidents by Term - Statistics

General Stats
  • This quiz has been taken 62 times
  • The average score is 51 of 69
Answer Stats
Term President % Correct
1789-1793 George Washington
100%
1861-1865 Abraham Lincoln
86%
2013-2017 Barack Obama
86%
2017-2021 Donald Trump
86%
2025- Donald Trump
86%
2021-2025 Joe Biden
86%
2009-2013 Barack Obama
83%
1801-1805 Thomas Jefferson
83%
1793-1797 George Washington
81%
2001-2005 George W. Bush
81%
2005-2009 George W. Bush
81%
1797-1801 John Adams
81%
1805-1809 Thomas Jefferson
81%
1997-2001 Bill Clinton
79%
1941-1945 Franklin D. Roosevelt
79%
1809-1813 James Madison
79%
1813-1817 James Madison
79%
1825-1829 John Quincy Adams
79%
1865-1865 Abraham Lincoln
76%
1829-1833 Andrew Jackson
76%
1833-1837 Andrew Jackson
76%
1993-1997 Bill Clinton
76%
1933-1937 Franklin D. Roosevelt
76%
1937-1941 Franklin D. Roosevelt
76%
1945-1945 Franklin D. Roosevelt
76%
1989-1993 George H. W. Bush
76%
1961-1963 John F. Kennedy
76%
1981-1985 Ronald Reagan
76%
1985-1989 Ronald Reagan
76%
1869-1873 Ulysses S. Grant
76%
1974-1977 Gerald Ford
74%
1929-1933 Herbert Hoover
74%
1845-1849 James K. Polk
74%
1817-1821 James Monroe
74%
1977-1981 Jimmy Carter
74%
1969-1973 Richard Nixon
74%
1973-1974 Richard Nixon
74%
1841-1841 William Henry Harrison
74%
1909-1913 William Howard Taft
74%
1849-1850 Zachary Taylor
74%
1953-1957 Dwight D. Eisenhower
71%
1853-1857 Franklin Pierce
71%
1945-1949 Harry S. Truman
71%
1821-1825 James Monroe
71%
1963-1965 Lyndon B. Johnson
71%
1965-1969 Lyndon B. Johnson
71%
1837-1841 Martin Van Buren
71%
1873-1877 Ulysses S. Grant
71%
1865-1869 Andrew Johnson
69%
1957-1961 Dwight D. Eisenhower
69%
1857-1861 James Buchanan
69%
1881-1881 James Garfield
69%
1913-1917 Woodrow Wilson
69%
1889-1893 Benjamin Harrison
67%
1923-1925 Calvin Coolidge
67%
1925-1929 Calvin Coolidge
67%
1881-1885 Chester Arthur
67%
1905-1909 Theodore Roosevelt
67%
1885-1889 Grover Cleveland
67%
1893-1897 Grover Cleveland
67%
1949-1953 Harry S. Truman
67%
1841-1845 John Tyler
67%
1877-1881 Rutherford B. Hayes
67%
1901-1905 Theodore Roosevelt
67%
1917-1921 Woodrow Wilson
67%
1921-1923 Warren G. Harding
64%
1850-1853 Millard Fillmore
62%
1901-1901 William McKinley
62%
1897-1901 William McKinley
60%
No matching quizzes found
Score Distribution
Percent of People with Each Score
Percentile by Number Answered
Your Score History
You have not taken this quiz